Normal view
MARC view
Entry Personal Name
001 - CONTROL NUMBER
- control field: 3386
003 - CONTROL NUMBER IDENTIFIER
- control field: BD-RjUL
005 - DATE AND TIME OF LATEST TRANSACTION
- control field: 20220602152540.0
008 - FIXED-LENGTH DATA ELEMENTS
- fixed length control field: 220602|| aca||aabn | a|a d
040 ## - CATALOGING SOURCE
- Original cataloging agency: BD-RjUL
- Transcribing agency: BD-RjUL
100 ## - HEADING--PERSONAL NAME
- Personal name: Hoassian, M. Altaf (2), Supervisor
670 ## - SOURCE DATA FOUND
- Source citation: Work cat.: (BD-RjUL)79901: KHATUN, MST. REHENA 3384, Fish and Fishery of Botia Dario Fishes of the River Padma ;, 1998